000 00746nam a2200265 i 4500
001 C2-0146563
003 PPAK
005 20180727131150.0
008 980314s1989 enka|||| ||||| | eng d
020 _a0850459001
040 _aPPAK
_beng
_cPPAK
_erda
082 0 4 _a355.00944
_223
090 0 0 _a355.00944
_bCHA
_dR
100 1 _aChartrand, Rene,
_eauthor
245 1 0 _aNapoleon's overseas army
264 1 _aLondon :
_bOsprey Ltd. ,
_c1989
300 _a48 pages :
_bcolour illustrations ;
_c25 cm
336 _2rdacontent
_atext
337 _2rdamedia
_aunmediated
338 _2rdacarrier
_avolume
490 1 _aMen-at-arms series (211)
650 1 0 _aFrance, Armee, 1792-1815
830 0 _aMen-at-arms series (211)
942 _ddc
_cB
999 _c46492
_d46492